000 00789nam a22002177a 4500
003 0
005 20250911155205.0
008 250911b xxu||||| |||| 00| 0 eng d
020 _a978-93-48196-58-3
050 _aQ 334.7
_b.H46 2025
100 _aHenderson, Pengana,
_eauthor.
245 _aHuman compatible :
_bartificial intelligence and the problem of control /
_cPengana Henderson.
250 _aFirst edition.
260 _aNew Delhi, India :
_bVenus Books,
_c2025.
300 _ax, 258 pages :
_billustrations ;
_c24 cm.
504 _aIncludes bibliographical references and index.
650 _aArtificial intelligence
_xMoral and ethical aspects.
650 _aArtificial intelligence
_xSocial aspects.
650 _aArtificial intelligence
_xSafety measures.
942 _2lcc
_cBK
999 _c367907
_d367907